LEADER 01329nam0 22002771i 450 001 UON00246533 005 20231205103613.838 010 $a88-217-1528-0 100 $a20031201d2002 |0itac50 ba 101 $aita 102 $aIT 105 $a|||| ||||| 200 1 $aDiritto delle nuove tecnologie informatiche e dell'Internet$eApetti costituzionali, civili, commerciali, industriali, tributari, amministrativi, penali, di informatica giuridica, degli strumenti finanziari informatici, delle tecnologie applicate all'attivitą giudiziaria, della sicurezza informatica$fa cura di Giuseppe Cassano$eintroduzione di Francesco Brugaletta 210 $aMilano$cIPSOA$d2003 215 $aXIX, 1611 p.$d24 cm. 606 $aInformatica$xDiritto$xRapporti$3UONC036972$2FI 606 $aInformatica giuridica$3UONC037536$2FI 620 $aIT$dMilano$3UONL000005 702 1$aCASSANO$bGiuseppe$3UONV138211 712 $aIPSOA$3UONV266253$4650 801 $aIT$bSOL$c20250919$gRICA 899 $aSIBA - SISTEMA BIBLIOTECARIO DI ATENEO$2UONSI 912 $aUON00246533 950 $aSIBA - SISTEMA BIBLIOTECARIO DI ATENEO$dSI PUB H 0597 $eSI SC 38555 5 0597 996 $aDiritto delle nuove tecnologie informatiche e dell'internet$9904470 997 $aUNIOR